| 000 -ლიდერი |
| ფიქსირებული სიგრძის საკონტროლო ველი |
01225nam a22002057a 4500 |
| 003 - საკონტროლო ნომრის იდენტიფიკატორი |
| საკონტროლო ველი |
Ge_BSU |
| 005 - ბოლო ოპერაციის თარიღი და დრო |
| საკონტროლო ველი |
20250325164004.0 |
| 008 - ფიქსირებული სიგრძის მონაცემთა ელემენტები - ზოგადი ინფორმაცია |
| ფიქსირებული სიგრძის საკონტროლო ველი |
250324s1990 ge ||||| |||| 00| 0 geo d |
| 041 ## - ენის კოდი |
| Language code of text/sound track or separate title |
geo |
| 080 ## - უნივერსალური ათობითი კლასიფიკაციის ინდექსი |
| Universal Decimal Classification number |
003(09) გ-19 |
| 100 ## - მთავარი ჩანაწერი - პიროვნების სახელი |
| Personal name |
გამყრელიძე, თამაზ |
| 9 (RLIN) |
24665 |
| 245 ## - ცნობა სათაურის შესახებ |
| Title |
წერის ანბანური სისტემა და ძველი ქართული დამწერლობა : |
| Remainder of title |
ანბანური წერის ტიპოლოგია და წარმომავლობა / |
| Statement of responsibility, etc |
აკაკი შანიძის რედ. და წინასიტყვ; საქ. მეცნ. აკად., გ. წერეთლის სახ. აღმოსავლეთმცოდნ. ინ-ტი. |
| 250 ## - გამოცემის ცნობა |
| Edition statement |
მე-2 შესწ. გამოცემა |
| 264 ## - წარმოების, გამოცემის, დისტრიბუციის და სხვა ცნობები |
| გამოცემის, წარმოების, დისტრიბუციის... ადგილი |
თბ. : |
| გამოცემის, წარმოების, დისტრიბუციის... სახელწოდება |
თბილ. უნ-ტის გამ-ბა, |
| გამოცემის, წარმოების, დისტრიბუციის... თარიღი |
1990. |
| 300 ## - ფიზიკური აღწერა |
| Extent |
351 გვ. : |
| Other physical details |
ცხრ. ; |
| Dimensions |
21 სმ. |
| 500 ## - ზოგადი შენიშვნა |
| General note |
პარალ. ტექსტი რუს. ენ. |
| 653 ## - INDEX TERM--UNCONTROLLED |
| Uncontrolled term |
ქართული ანბანი. |
| 653 ## - INDEX TERM--UNCONTROLLED |
| Uncontrolled term |
ძველი ქართული დამწერლობა |
| 942 ## - ADDED ENTRY ELEMENTS (KOHA) |
| Source of classification or shelving scheme |
|
| Koha item type |
წიგნი |